Predpoklady a podmienky reštrukturalizácie v štátnej správe

Východiskom z kríz, prejavujúcich sa v štátnych organizáciách, je najčastejšie reštrukturalizácia, nakoľko zánik činností vo väčšine prípadov nie je možný. V rámci mikroekonomickej reštrukturalizácie dochádza k zmenám na úrovni podniku ako celku, alebo na úrovni jeho jednotlivých častí. Reštruktural...

Descripción completa

Guardado en:
Detalles Bibliográficos
Autor principal: Kádárová, Jaroslava
Otros Autores: Krivosudská, Jana
Formato: Capítulo de libro
Lenguaje:eslovaco
Materias:
Etiquetas: Agregar Etiqueta
Sin Etiquetas, Sea el primero en etiquetar este registro!

MARC

LEADER 00000nla a2200000 4500
001 0222645
005 20240417075108.6
041 0 |a slo 
044 |a SK 
245 1 0 |a Predpoklady a podmienky reštrukturalizácie v štátnej správe  |c Jaroslava Kádárová, Jana Krivosudská 
520 |a Východiskom z kríz, prejavujúcich sa v štátnych organizáciách, je najčastejšie reštrukturalizácia, nakoľko zánik činností vo väčšine prípadov nie je možný. V rámci mikroekonomickej reštrukturalizácie dochádza k zmenám na úrovni podniku ako celku, alebo na úrovni jeho jednotlivých častí. Reštrukturalizácia znamená celkové preorganizovanie podniku a obnovenie všetkých jeho podnikateľských aktivít. Ide o proces zdrojového zabezpečenia, inovačných zmien pri tvorbe a vzájomnej harmonizácii štruktúr výrobného programu, výrobno-technickej základne, funkcionálnych a organizačných štruktúr, personálnych štruktúr a ďalších účelových štruktúr, s cieľom zabezpečiť účelné a účinné fungovanie reprodukčného procesu. 
610 2 0 |a správa štátna 
610 2 0 |a správa verejná 
610 2 0 |a kríza hospodárska 
610 2 0 |a podnik 
610 2 0 |a reštrukturalizácia 
100 1 |a Kádárová, Jaroslava 
700 1 |a Krivosudská, Jana